000 00640 a2200253 4500
260 _aMoscou
630 _a69 - Industrie de la construction. Materiaux de construction. Metaux et procedes de construction
037 _b1, Achat
650 _a6 - SCIENCES APPLIQUEES
100 _aLakhtine, I.
260 _bEditions MIR
245 _aMétallurgie et traitement thermique des métaux
300 _a413 p.
650 _aMétal
650 _aMétallurgie
260 _c1977
300 _b23cm
100 _lFr
037 _aS 3626
250 _a4e éd.
700 _atrad., Valentin, Polonski
999 _c41934
_d41934